Pragati's retail management: (Record no. 19752)
[ view plain ]
| 000 -LEADER | |
|---|---|
| fixed length control field | 00925nam a22002297a 4500 |
| 008 - FIXED-LENGTH DATA ELEMENTS--GENERAL INFORMATION | |
| fixed length control field | 081212t xxu||||| |||| 00| 0 eng d |
| 010 ## - LCCN (DPL NO) | |
| LC control number | ENG-92154 |
| 020 ## - INTERNATIONAL STANDARD BOOK NUMBER | |
| International Standard Book Number | 9788183986359 |
| Terms of availability | 200.00 |
| 035 ## - SYSTEM CONTROL NUMBER | |
| System control number | EN-75687 |
| 037 ## - SOURCE OF ACQUISITION | |
| Source of stock number/acquisition | DBAD / PUB |
| 040 ## - CATALOGING SOURCE | |
| Original cataloging agency | dpl |
| Language of cataloging | English |
| 082 ## - DEWEY DECIMAL CLASSIFICATION NUMBER | |
| Classification number | 658.87 |
| 245 ## - TITLE STATEMENT | |
| Title | Pragati's retail management: |
| Statement of responsibility, etc | by P.K. Agarwal...[et al] |
| Remainder of title | [for management and post-graduate students of various universities and institutes] / |
| 260 ## - PUBLICATION, DISTRIBUTION, ETC. (IMPRINT) | |
| Place of publication, distribution, etc | Meerut |
| Name of publisher, distributor, etc | Pragati Prakashan |
| Date of publication, distribution, etc | 2008 |
| 270 ## - ADDRESS | |
| Address | 240, W.K. Road, |
| City | Meerut |
| Postal code | 250001 |
| 300 ## - PHYSICAL DESCRIPTION | |
| Extent | xii, 404p. |
| Dimensions | 24cm (pbk) |
| 500 ## - GENERAL NOTE | |
| General note | Includes glossary and index |
| 650 ## - SUBJECT ADDED ENTRY--TOPICAL TERM | |
| Topical term or geographic name as entry element | Retail trade |
| General subdivision | Management |
| 700 ## - ADDED ENTRY--PERSONAL NAME | |
| Personal name | Agarwal, P.K. |
| 942 ## - ADDED ENTRY ELEMENTS (KOHA) | |
| Source of classification or shelving scheme | Dewey Decimal Classification |
| Item type | English Books |
| Call number suffix | RET |
| Classification part | 658.87 |
| Withdrawn status | Lost status | Source of classification or shelving scheme | Damaged status | Not for loan | Collection code | Home library | Current library | Date acquired | Source of acquisition | Cost, normal purchase price | Total Checkouts | Full call number | Barcode | Date last seen | Copy number | Cost, replacement price | Koha item type |
|---|---|---|---|---|---|---|---|---|---|---|---|---|---|---|---|---|---|
| Dewey Decimal Classification | Not For Loan | Non-fiction | D.B.Act.Division | D.B.Act.Division | 12/12/2008 | DBAD / PUB | 200.00 | 658.87 RET | EN-75687 | 12/12/2008 | 1 | 200.00 | English Books |
